Pan Kampelík by měl radost. Oživují tradici spořitelních a úvěrových družstev.
Rozhovor s riaditeľom odboru zahraničných vzťahov Družstevnej únie ČSFR o problémoch vzniku finančných družstiev v ČSFR, o legislatíve zakladania úverových družstiev a sporiteľní, o projekte zakladania finančných družstiev v Česko-Slovensku a o zámere vytvárania stavebných sporiteľní.
Salvato in:
| Autore principale: | |
|---|---|
| Altri autori: | |
| Natura: | Capitolo di libro |
| Lingua: | ceco |
| Soggetti: | |
| Tags: |
Nessun Tag, puoi essere il primo ad aggiungerne!!
|
MARC
| LEADER | 00000naa a2200000 4500 | ||
|---|---|---|---|
| 001 | r007601 | ||
| 005 | 20220831083930.6 | ||
| 041 | 0 | |a cze | |
| 044 | |a [CS] | ||
| 245 | 1 | 0 | |a Pan Kampelík by měl radost. |b Oživují tradici spořitelních a úvěrových družstev. |c I. Fidler, J. Hejkal |
| 520 | |a Rozhovor s riaditeľom odboru zahraničných vzťahov Družstevnej únie ČSFR o problémoch vzniku finančných družstiev v ČSFR, o legislatíve zakladania úverových družstiev a sporiteľní, o projekte zakladania finančných družstiev v Česko-Slovensku a o zámere vytvárania stavebných sporiteľní. | ||
| 610 | 2 | 0 | |a družstvá nevýrobné |
| 610 | 2 | 0 | |a sporiteľne |
| 610 | 2 | 0 | |a legislatíva |
| 610 | 2 | 0 | |a banky družstevné |
| 610 | 2 | 0 | |a ČSFR |
| 100 | 1 | |a Fidler, I. | |
| 700 | 1 | |a Hejkal, J. | |